Yesterday lyrics - Statistics

General Stats
  • This quiz has been taken 138 times
  • The average score is 102 of 133
Answer Stats
Answer % Correct
A
99%
Yesterday
99%
Away
98%
I
98%
So
97%
All
96%
My
96%
To
94%
Far
93%
Troubles
93%
Be
92%
In
90%
Now
89%
Believe
88%
Seemed
87%
The
87%
Go
84%
Know
84%
Don’t
83%
Oh
83%
Had
82%
She
81%
Believe
80%
Why
79%
For
77%
Say
74%
Long
73%
Not
73%
Wouldn’t
73%
An
72%
It
72%
Im
71%
Stay
71%
Me
70%
Suddenly
70%
Man
69%
Here
68%
Something
68%
Used
68%
Wrong
68%
Half
66%
Said
66%
Was
62%
Came
61%
Game
60%
Easy
59%
Love
59%
Play
59%
Hide
58%
Hanging
57%
Over
57%
They’re
57%
Looks
56%
Place
56%
Shadow
56%
Such
56%
As
53%
Need
53%
There’s
52%
Though
46%
Mm
16%
No matching quizzes found
Score Distribution
Percent of People with Each Score
Percentile by Number Answered
Your Score History
You have not taken this quiz